000 00708nam a2200253Ia 4500
003 OSt
005 20220926013227.0
006 a|||||r|||| 00| 0
007 ta
008 220923b |||||||| |||| 00| 0 eng d
020 _a0745004946
037 _cGeneral Book
040 _aRTL
_cRTL
_beng
041 _2eng
_aeng
082 _aX:533, M9
100 _aGreenaway David Ed.
245 0 _aEconomic aspects of regional trading arrangements
260 _aNew York
_bHarvester Wheatsheaf
_c1989
300 _axviii, 266p. Bib chapterwise
_ccm.
650 _a Free Trade
650 _aEconomics
942 _hX:533, M9
_cGB
_2CC
999 _c625506
_d625506